Načítá se...
Bhashaprathibha C L Antony/
| Hlavní autor: | |
|---|---|
| Médium: | Printed Book |
| Jazyk: | Malayalam |
| Vydáno: |
Thrissur:
Kerala Sahithya Academy,
2012.
|
| Vydání: | 1st ed |
| LEADER | 00549nam a22001697a 4500 | ||
|---|---|---|---|
| 008 | 181214b ||||| |||| 00| 0 mal d | ||
| 999 | |c 300223 |d 300223 | ||
| 020 | |a 9788176902038 | ||
| 082 | |a 924A | ||
| 100 | |a Karthikeyan,Shornur | ||
| 245 | |a Bhashaprathibha C L Antony/ |c Karthikeyan,Shornur | ||
| 250 | |a 1st ed | ||
| 260 | |a Thrissur: |b Kerala Sahithya Academy, |c 2012. | ||
| 300 | |a 96p. | ||
| 650 | |2 Biography | ||
| 942 | |c BK | ||
| 952 | |0 0 |1 0 |2 ddc |4 0 |6 924A_KAR_B |7 0 |9 342753 |a MAL |b MAL |c ST1 |d 2018-12-14 |g 65.00 |l 0 |o 924A KAR/B |p MALG1109 |r 2018-12-14 |w 2018-12-14 |y BK | ||